000 00238nam a22001097a 4500
082 _a910
100 _aKhan Sir
_982107
245 _aStudent Atlas
260 _aNew Delhi
_bR.B.D. Publications
_c2022
650 _aAtlas
_936281
942 _cBK
999 _c66451
_d66451